| 000 | 06120cam a2201225 a 4500 | ||
|---|---|---|---|
| 999 | _c56810 | ||
| 001 | 8537158 | ||
| 003 | LIBRIS | ||
| 005 | 20210318111642.0 | ||
| 008 | 020812s2002 sw |||||||||||000 |cswe|c | ||
| 020 |
_a9100580325 _qINB. _c257:00 |
||
| 035 | _a(Bo)328155 | ||
| 035 | _a(Mo)b1487066 | ||
| 040 |
_aNB _ea |
||
| 041 | _aswe | ||
| 082 | 0 | 4 |
_a942.0820922 _223 |
| 084 |
_aLdz Mitford _2kssb/7 |
||
| 084 |
_aLdz Mitford _2kssb/8 |
||
| 100 | 1 |
_aHagen, Cecilia, _d1946- _0https://libris.kb.se/53hkl64p06hz01r#it |
|
| 245 | 0 | 3 |
_aDe osannolika systrarna Mitford : _ben sannsaga / _cCecilia Hagen ; [foton: Chatsworth House Trust ...]. |
| 264 | 1 |
_aStockholm : _bBonnier, _c2002 |
|
| 264 | 3 | _aNorge | |
| 300 |
_a271, [1] s. _bill. _c21 cm |
||
| 340 | _b21 cm | ||
| 500 | _aÄven med tryckår: 9/13.- 14/18. tus., 2002 ; 19/23. tus., 2003 ; 24/38. tus, 2004 | ||
| 500 |
_5Mo _asvenska |
||
| 600 | 3 | 4 |
_aMitford, _csläkt _0https://libris.kb.se/rp36cdv937thv89#it |
| 611 | 2 | 4 | _aBestsköv |
| 653 | _aSläkter | ||
| 655 | 4 |
_5Mo _aBok |
|
| 887 |
_a{"@id":"l3wt43mx37fj4cf","modified":"2016-03-11T08:18:33+01:00","checksum":"48894495284"} _2librisxl |
||
| 887 |
_a{"@id":"pt2zpkkv1941rs8","modified":"2016-01-25T11:14:10+01:00","checksum":"29913714838"} _2librisxl |
||
| 887 |
_a{"@id":"ns0m2t9t4kvn3xj","modified":"2014-04-01T10:58:42+02:00","checksum":"25818405363"} _2librisxl |
||
| 887 |
_a{"@id":"lqwl92sr03k384p","modified":"2003-02-20T17:02:12+01:00","checksum":"29091607088"} _2librisxl |
||
| 887 |
_a{"@id":"rw325gxx428xlmn","modified":"2008-08-20T11:20:15+02:00","checksum":"29655524813"} _2librisxl |
||
| 887 |
_a{"@id":"59g5wnpb4745g7t","modified":"2017-02-07T15:46:35+01:00","checksum":"5257463379"} _2librisxl |
||
| 887 |
_a{"@id":"gls6qqqm3gg7g34","modified":"2012-04-03T09:26:20+02:00","checksum":"36649061660"} _2librisxl |
||
| 887 |
_a{"@id":"glrg4rqm3kvch58","modified":"2016-03-07T09:46:59+01:00","checksum":"31360539562"} _2librisxl |
||
| 887 |
_a{"@id":"0494tzx54xfk8pw","modified":"2015-05-07T13:09:37+02:00","checksum":"30777478006"} _2librisxl |
||
| 887 |
_a{"@id":"chpjz4zj4w9cqsq","modified":"2006-04-10T12:57:00+02:00","checksum":"17655618232"} _2librisxl |
||
| 887 |
_a{"@id":"z38zltn41ms1wpm","modified":"2002-08-26T10:10:49+02:00","checksum":"24216076573"} _2librisxl |
||
| 887 |
_a{"@id":"37g8r4d84zfb2tb","modified":"2015-06-22T09:51:35+02:00","checksum":"30520814830"} _2librisxl |
||
| 887 |
_a{"@id":"tz55q8z013fprrc","modified":"2009-03-03T12:17:09+01:00","checksum":"34479092799"} _2librisxl |
||
| 887 |
_a{"@id":"w16whw12496vv13","modified":"2002-08-12T12:26:24+02:00","checksum":"5903644406"} _2librisxl |
||
| 887 |
_a{"@id":"8dk8zgnf2b7gn6s","modified":"2002-10-07T16:27:18+02:00","checksum":"6055218462"} _2librisxl |
||
| 887 |
_a{"@id":"pt0pf45v010fnhc","modified":"2013-02-06T14:35:32+01:00","checksum":"10376303618"} _2librisxl |
||
| 887 |
_a{"@id":"z38zkz341vstl2j","modified":"2003-01-30T11:16:15+01:00","checksum":"22352811421"} _2librisxl |
||
| 887 |
_a{"@id":"0490l0450tq6pzj","modified":"2002-08-12T12:47:07+02:00","checksum":"2777169934"} _2librisxl |
||
| 887 |
_a{"@id":"z380k3743l6h53g","modified":"2003-07-03T12:45:09+02:00","checksum":"23000694640"} _2librisxl |
||
| 887 |
_a{"@id":"mrxmk1ps27hbjt5","modified":"2017-12-06T14:13:05+01:00","checksum":"25638639861"} _2librisxl |
||
| 887 |
_a{"@id":"37d3q3l80v0j4lv","modified":"2002-08-27T13:34:49+02:00","checksum":"16605547427"} _2librisxl |
||
| 887 |
_a{"@id":"9fmqg6jg3mcx57k","modified":"2013-07-31T10:48:10+02:00","checksum":"34157751657"} _2librisxl |
||
| 887 |
_a{"@id":"rw2s6jmx3g208t1","modified":"2003-05-05T17:29:46+02:00","checksum":"36540002340"} _2librisxl |
||
| 887 |
_a{"@id":"kpwx4lqq03gmt8l","modified":"2009-05-25T10:37:20+02:00","checksum":"13282956534"} _2librisxl |
||
| 900 | 3 | s |
_6600 _cfamilj _uMitford, _csläkt |
| 900 | 3 | s |
_6600 _dfamily _uMitford, _csläkt |
| 942 |
_2z _cBOOK |
||